header

Advanced research on civil engineering and material engineering : (Record no. 131434)

MARC details
000 -LEADER
fixed length control field 01953nam a22004211i 4500
001 - CONTROL NUMBER
control field ebr10777903
003 - CONTROL NUMBER IDENTIFIER
control field CaPaEBR
006 - FIXED-LENGTH DATA ELEMENTS--ADDITIONAL MATERIAL CHARACTERISTICS--GENERAL INFORMATION
fixed length control field m o d
007 - PHYSICAL DESCRIPTION FIXED FIELD--GENERAL INFORMATION
fixed length control field cr cn|||||||||
008 - FIXED-LENGTH DATA ELEMENTS--GENERAL INFORMATION
fixed length control field 131008t20122012sz a ob 101 0 eng d
020 ## - INTERNATIONAL STANDARD BOOK NUMBER
International Standard Book Number 9783038138907 (e-book)
Cancelled/invalid ISBN 9783037854747 (pbk.)
040 ## - CATALOGING SOURCE
Original cataloging agency CaPaEBR
Language of cataloging eng
Description conventions rda
-- pn
Transcribing agency CaPaEBR
035 ## - SYSTEM CONTROL NUMBER
System control number (OCoLC)832709438
050 14 - LIBRARY OF CONGRESS CALL NUMBER
Classification number TA401.3
Item number .I585 2012eb
111 2# - MAIN ENTRY--MEETING NAME
Meeting name or jurisdiction name as entry element International Conference on Civil Engineering and Material Engineering
Date of meeting (2012 :
Location of meeting Wuhan, China)
245 10 - TITLE STATEMENT
Title Advanced research on civil engineering and material engineering :
Remainder of title selected, peer reviewed papers from the 2012 International Conference on Civil Engineering and Material Engineering , August 25-26, Wuhan, China /
Statement of responsibility, etc edited by Helen Zhang, David Jin and X. J. Zhao.
264 #1 - PRODUCTION, PUBLICATION, DISTRIBUTION, MANUFACTURE, AND COPYRIGHT NOTICE
Place of production, publication, distribution, manufacture Durnten-Zurich, Switzerland :
Name of producer, publisher, distributor, manufacturer Trans Tech Publications,
Date of production, publication, distribution, manufacture, or copyright notice [2012]
Date of production, publication, distribution, manufacture, or copyright notice �2012
300 ## - PHYSICAL DESCRIPTION
Extent 1 online resource (417 pages) :
Other physical details illustrations.
336 ## - CONTENT TYPE
Content type term text
Source rdacontent
337 ## - MEDIA TYPE
Media type term computer
Source rdamedia
338 ## - CARRIER TYPE
Carrier type term online resource
Source rdacarrier
490 1# - SERIES STATEMENT
Series statement Advanced materials research ;
Volume number/sequential designation volume 568
504 ## - BIBLIOGRAPHY, ETC. NOTE
Bibliography, etc Includes bibliographical references and index.
588 ## - SOURCE OF DESCRIPTION NOTE
Source of description note Description based on online resource; title from PDF title page (ebrary, viewed November 4, 2013).
590 ## - LOCAL NOTE (RLIN)
Local note Electronic reproduction. Palo Alto, Calif. : ebrary, 2013. Available via World Wide Web. Access may be limited to ebrary affiliated libraries.
650 #0 - SUBJECT ADDED ENTRY--TOPICAL TERM
Topical term or geographic name as entry element Civil engineering
Form subdivision Congresses.
Topical term or geographic name as entry element Material engineering
Form subdivision Congresses.
Topical term or geographic name as entry element Materials science
Form subdivision Congresses.
655 #0 - INDEX TERM--GENRE/FORM
Genre/form data or focus term Electronic books.
700 1# - ADDED ENTRY--PERSONAL NAME
Personal name Jin, David.
Personal name Zhang, Helen.
Personal name Zhao, X. J.
797 2# - LOCAL ADDED ENTRY--CORPORATE NAME (RLIN)
Corporate name or jurisdiction name as entry element ebrary.
830 #0 - SERIES ADDED ENTRY--UNIFORM TITLE
Uniform title Advanced materials research ;
Volume number/sequential designation v. 568.
856 40 - ELECTRONIC LOCATION AND ACCESS
Uniform Resource Identifier <a href="http://site.ebrary.com/lib/rucke/Doc?id=10777903">http://site.ebrary.com/lib/rucke/Doc?id=10777903</a>
Public note An electronic book accessible through the World Wide Web; click to view

No items available.

© 2026 Rongo University
Contact us: librarian | system librarian | Rongo university